Word Ladder: Hunger Games Family Quiz Stats

 Plays Quiz Updated Jan 13, 2018

Score 0/25 Timer 04:00
1 Play Today
Clue 4-Letter Word % Correct
Despise or loatheHATE
95%
Monopoly or Life, e.g.GAME
93.4%
'Hell _____ no fury...'HATH
92.6%
Hand for a pirate?HOOK
87%
A stack or heapPILE
86.8%
To sit for a portraitPOSE
86.7%
It can be north or southPOLE
86.3%
Anagram and synonym of 'evil'VILE
84%
Tasting like wild meatGAMY
83.5%
Oldman who was Sirius BlackGARY
82.9%
'Catching Fire', e.g.BOOK
81.8%
Brought forth by birthBORN
80%
Gruesome, as a fight to the deathGORY
77.4%
Clue 4-Letter Word % Correct
An advantage or benefitBOON
74.8%
*** Sibling #1 ***GALE
72.9%
Hearty and healthyHALE
72.7%
With a flush in one's cheeksROSY
69.4%
To pawn something, or a horse's leg jointHOCK
69.2%
*** Sibling #4 ***POSY
68.3%
* _____ of Plenty *
Or the last sound of the family's surname
HORN
67.1%
*** Sibling #2 ***RORY
66.2%
Someone hailing from the sticksHICK
66.2%
Opposite of virtueVICE
62.8%
* Ice planet in a galaxy far, far away *
Or the first sound of the family's surname
HOTH
59.1%
*** Sibling #3 ***VICK
58.7%

Today's Daily Dose

You're not logged in!

Compare scores with friends on all Sporcle quizzes.
OR
Log In

Sporcle TV

Today on Sporcle TV


Watch our educational content, quiz creation guides, and fun videos on Sporcle TV.

Show Comments

Extras

Top Quizzes Today


Score Distribution

Your Account Isn't Verified!

In order to create a playlist on Sporcle, you need to verify the email address you used during registration. Go to your Sporcle Settings to finish the process.

Report this User

Report this user for behavior that violates our Community Guidelines.

Details: